000 00678nam a22001577a 4500
005 20250307102605.0
020 _c200.00
037 _bआत्म ज्ञान पब्लिकेशन एंड फाउंडेशन
082 _21
100 _a गुसाईवाल, चिगंलाल
_979365
245 _aजिंदगी एक किताब है/
_cचिगंलाल गुसाईवाल
250 _a1
260 _aजयपुर
_bआत्म ज्ञान पब्लिकेशन एंड फाउंडेशन
_c2024
300 _a148पृ.
_c22सेमी.(अजिल्द)
942 _2ddc
_cHN
_mगुसाई
_e1
999 _c209944
_d209944